MARC

LEADER 00000nam0a2200000 4500
001 378910
005 20231102013038.0
035 |a (RuTPU)RU\TPU\retro\36371 
035 |a RU\TPU\book\328518 
090 |a 378910 
100 |a 20230620d1971 km y0rusy50 ca 
101 0 |a rus 
102 |a RU 
105 |a a z 000zy 
200 1 |a Монтаж опор линий электропередачи 110-500 кв  |f Д. Е. Виноградов 
210 |a Москва  |c Энергия  |d 1971 
215 |a 97 с.  |c ил. 
225 1 |a Библиотека электромонтера  |v Вып. 348 
606 1 |a Опоры для линий электропередачи  |x Монтаж  |x Механизация  |2 stltpush  |3 (RuTPU)RU\TPU\subj\47083  |9 66150 
610 1 |a монтаж 
610 1 |a монтажные работы 
610 1 |a сборка 
610 1 |a схемы 
610 1 |a металлические опоры 
610 1 |a железобетонные опоры 
610 1 |a тяговые механизмы 
675 |a 621.316.66  |v 3 
700 1 |a Виноградов  |b Д. Е.  |g Дмитрий Евгеньевич 
801 1 |a RU  |b 63413507  |c 20150901 
801 2 |a RU  |b 63413507  |c 20230620  |g RCR 
942 |c BK